[Event "Ceara-ch 2019"]
[Site "Fortaleza"]
[Date "2019.11.24"]
[Round "5.5"]
[White "Brandao, Marcius Gomes"]
[Black "Lima, Alan Elkinson Lopes "]
[Result "1-0"]
[WhiteElo "2002"]
[BlackElo "1928"]
[Annotator "NA RC"]
[PlyCount "77"]
[EventDate "2019.11.17"]
[EventType "tourn"]
[EventCountry "BRA"]
[SourceTitle "playchess.com"]
[Source "ChessBase"]
[SourceQuality "1"]
[TimeControl "5400+30"]

{[%evp 10,76,33,22,14,11,32767,32767,32767,32767,20,32767,0,-7,32767,32767,32767,32767,32767,33,23,29,32767,154,141,140,293,245,233,224,450,281,361,360,448,457,623,461,416,0,581,447,464,447,572,502,627,623,466,566,605,538,32767,755,32767,32767,1258,32767,32767,877,29993,530,29992,29991,29991,29992,29992,29993,29994]} 1. c4 {[%emt 0:00:00]} Nf6 {[%emt 0:00:00]} 2. Nc3 {[%emt 0:00:00]} g6 {[%emt 0:00:00]} 3. d4 {[%emt 0:02:41]} d5 {[%emt 0:00:07]} 4. Bg5 {[%emt 0:00:17]} Ne4 {[%emt 0:00:10]} 5. Bf4 {[%emt 0:00:05]} Nxc3 6. bxc3 {[%emt 0:00:02]} Bg7 {[%emt 0:02:03]} 7. e3 {[%emt 0:00:18]} c5 {[%emt 0:01:22]} 8. Nf3 {[%emt 0:00:56]} Nc6 {[%emt 0:00:54]} 9. Rb1 {[%emt 0:09:58] D91: Grünfeld: 4 Nf3 Bg7 5 Bg5} cxd4 {[%emt 0:03:16]} 10. cxd4 {[%emt 0:00:10]} O-O {[%emt 0:09:11]} 11. Be2 {[%emt 0:05:40]} dxc4 {[%emt 0:02:58]} 12. Bxc4 {[%emt 0:00:08]} Na5 $146 {[%emt 0:00:26]} ({Predecessor:} 12... Bf5 13. Rc1 Qa5+ 14. Qd2 Rac8 15. O-O Qxd2 16. Nxd2 e5 17. dxe5 Nxe5 18. Bxe5 Bxe5 {0-1 (54) Menetrier,M (2505)-Rause,O (2615) Yugoslavia 1998}) 13. Bd3 {[%emt 0:01:40]} Be6 {[%emt 0:05:36]} 14. Qe2 {[%emt 0:01:49]} Rc8 {[%emt 0:01:56]} 15. O-O {[%emt 0:00:24]} Bc4 {[%emt 0:02:20]} 16. Bxc4 {[%emt 0:05:39]} Rxc4 {[%emt 0:00:47] [#]} 17. Rxb7 $1 {[%emt 0:01:47]} Qa8 $2 {[%emt 0:12:23]} (17... Nxb7 $16 {was worth a try.} 18. Qxc4 Nd6 19. Bxd6 Qxd6) 18. Rb5 {[%emt 0:05:40]} Ra4 {[%emt 0:02:28]} 19. Qc2 {[%emt 0:10:36]} Ra3 $2 {[%emt 0:03:28]} (19... Rc4 20. Qb1 Qd8) 20. Rfb1 {[%emt 0:01:05]} Nc6 {[%emt 0:12:09]} 21. h4 {[%emt 0:06:01]} h6 {[%emt 0:02:07]} (21... Qe8 $142 22. h5 Nd8) 22. Rc5 {[%emt 0:01:30]} Na5 {[%emt 0:06:32]} 23. Qb2 {[%emt 0:07:25]} Ra4 {[%emt 0:01:47]} 24. Qc2 $2 {[%emt 0:10:53]} ({White should try} 24. Nd2 $18) 24... Ra3 {[%emt 0:02:40]} 25. Rc7 {[%emt 0:00:15]} Qd5 {[%emt 0:05:15]} 26. Rb2 {[%emt 0:00:50]} a6 {[%emt 0:04:15]} 27. Nd2 {[%emt 0:05:27]} e5 {[%emt 0:01:39]} 28. Rc5 {[%emt 0:00:11]} Qd7 {[%emt 0:01:11]} 29. dxe5 {[%emt 0:03:49]} Rd8 {[%emt 0:00:51]} 30. Ne4 {[%emt 0:10:18]} Qg4 {[%emt 0:04:24]} 31. Nd6 {[%emt 0:02:41]} Qxh4 {[%emt 0:03:13]} 32. Rc8 {[%emt 0:01:09]} Kh7 {[%emt 0:02:32]} 33. Rbb8 {[%emt 0:00:45]} Rd7 {[%emt 0:01:09]} 34. Nxf7 {[%emt 0:03:23]} Rxf7 {[%emt 0:01:56] [#]} 35. e6 {[%emt 0:00:31]} (35. Rh8+ $142 $3 {[%mdl 512]} Bxh8 {[#]} 36. Qc8 $1 {[%mdl 576] Double Attack} Qxf2+ 37. Kxf2 Rf8 38. Qxf8 {[%mdl 64] Double Attack} Rxa2+ 39. Kf3 $1 {[%mdl 512]} Rf2+ 40. Kxf2 h5 41. Qxh8#) 35... Rf5 {[%emt 0:05:15] [#]} 36. Qc7 $1 {[%emt 0:00:56]} g5 {[%emt 0:00:45]} 37. Rg8 {[%emt 0:00:40]} Qxf2+ {[%emt 0:00:50]} 38. Kxf2 {[%emt 0:00:19]} Rxa2+ {[%emt 0:00:10]} 39. Kg1 1-0

[Event "Ceara-ch 2019"]
[Site "Fortaleza"]
[Date "2019.11.26"]
[Round "6.1"]
[White "Da Justa, Saulo Freitas"]
[Black "Lima, Alan Elkinson Lopes "]
[Result "1/2-1/2"]
[WhiteElo "1911"]
[BlackElo "1928"]
[Annotator "NA RC"]
[PlyCount "100"]
[EventDate "2019.11.17"]
[EventType "tourn"]
[EventCountry "BRA"]
[SourceTitle "playchess.com"]
[Source "ChessBase"]
[SourceQuality "1"]
[TimeControl "5400+30"]

{[%evp 8,99,36,8,18,27,31,-2,25,0,0,-7,14,-13,10,-22,-18,-20,-11,-15,-8,-19,10,-20,2,0,0,0,6,16,37,31,20,15,22,16,22,8,47,42,54,4,16,34,23,-64,-41,-68,-44,-64,-70,-87,-45,-39,-27,-46,-9,-23,0,-41,-14,-27,-15,-20,-14,-61,0,-29,-19,-65,0,0,0,0,0,0,0,0,0,-83,-108,-108,-119,-105,-25,-83,-77,-175,-202,-221,-200,-202,-190,-179]} 1. Nf3 {[%emt 0:00:00]} Nf6 {[%emt 0:00:00]} 2. c4 {[%emt 0:00:02]} g6 {[%emt 0:00:00]} 3. g3 {[%emt 0:00:02]} d5 {[%emt 0:00:29]} 4. Bg2 {[%emt 0:00:08]} Bg7 {[%emt 0:00:11]} 5. O-O {[%emt 1:32:18]} O-O {[%emt 1:31:50]} 6. cxd5 {[%emt 0:00:00]} Nxd5 {[%emt 0:00:00]} 7. Nc3 {[%emt 0:00:00]} Nc6 {[%emt 0:00:00]} 8. Nxd5 {[%emt 0:00:00]} Qxd5 {[%emt 0:00:00]} 9. d3 {[%emt 0:00:00]} e5 {[%emt 0:00:00]} 10. Be3 {[%emt 0:00:00]} Qd8 {[%emt 0:00:00] A16: English Opening: 1...Nf6 with ...d5} 11. Qa4 $146 {[%emt 0:00:00]} ({Predecessor:} 11. Nd2 Nd4 12. Rc1 c6 13. Re1 {½-½ (13) Lewtak,D (2354)-Reza,W (2261) Suwalki 2019}) 11... Nd4 {[%emt 0:00:00]} 12. Nxd4 {[%emt 0:00:00]} exd4 {[%emt 0:00:00]} 13. Bf4 {[%emt 0:00:00]} c6 {[%emt 0:00:00]} 14. b4 {[%emt 0:00:00]} Re8 {[%emt 0:00:00]} 15. Rfe1 {[%emt 0:00:00]} Qb6 {[%emt 0:00:00]} 16. Rab1 {[%emt 0:00:00]} Bg4 {[%emt 0:00:00]} 17. Rb2 {[%emt 0:00:00]} Bf8 {[%emt 0:00:00]} 18. Qa5 {[%emt 0:00:00]} Bf5 {[%emt 0:00:00]} 19. Kf1 {[%emt 0:00:00]} Re7 {[%emt 0:00:00]} 20. Bg5 {[%emt 0:00:00]} Rd7 {[%emt 0:00:00]} 21. a4 {[%emt 0:00:00]} h5 {[%emt 0:00:00]} 22. Bd2 {[%emt 0:00:00]} h4 {[%emt 0:00:00]} 23. gxh4 {[%emt 0:00:00]} Bd6 {[%emt 0:00:00]} 24. h3 {[%emt 0:00:00]} Qd8 {[%emt 0:00:00]} 25. Qxd8+ {[%emt 0:00:00]} Raxd8 {[%emt 0:00:00]} 26. a5 {[%emt 0:00:00]} (26. Bg5 $11) 26... a6 $1 {[%emt 0:00:00]} 27. Rc2 {[%emt 0:00:00]} Be7 {[%emt 0:00:00]} 28. Bg5 {[%emt 0:11:30]} f6 {[%emt 0:00:00]} 29. Bd2 {[%emt 0:00:00]} Be6 {[%emt 0:00:00]} 30. Rb1 {[%emt 0:00:00]} Bd5 {[%emt 0:00:00]} 31. Be4 {[%emt 0:00:00]} Bxe4 {[%emt 0:00:00]} 32. dxe4 {[%emt 0:00:00]} d3 {[%emt 0:00:00]} 33. Rcb2 {[%emt 0:00:00]} Rd4 {[%emt 0:04:18]} 34. exd3 {[%emt 0:00:00]} Rxd3 {[%emt 0:00:38]} 35. Be3 {[%emt 0:00:00]} Kf7 {[%emt 0:00:28]} 36. Ke2 {[%emt 0:00:00]} Ke6 {[%emt 0:01:08]} 37. f3 {[%emt 0:00:00]} Ra3 {[%emt 0:00:46]} 38. Rd2 {[%emt 0:00:00]} Rxd2+ {[%emt 0:01:43]} 39. Bxd2 {[%emt 0:00:00]} Ra2 {[%emt 0:00:08]} 40. Kd3 {[%emt 0:00:00]} Ra3+ {[%emt 0:00:13]} 41. Ke2 {[%emt 0:00:00]} Ra2 {[%emt 0:00:05]} 42. f4 {[%emt 0:00:00]} Bd6 {[%emt 0:01:12]} 43. f5+ {[%emt 0:01:25]} (43. Kd3 $1 $11 {remains equal.}) 43... gxf5 {[%emt 0:00:12]} 44. exf5+ {[%emt 0:00:05]} Kxf5 {[%emt 0:00:14]} 45. Rf1+ {[%emt 0:00:33]} Kg6 {[%emt 0:00:21]} (45... Ke6 $17 46. Re1 Bg3) 46. Kd3 {[%emt 0:03:41]} (46. Rg1+ $11 Kf7 47. Rg4) 46... Ra3+ {[%emt 0:00:50]} 47. Kc4 {[%emt 0:00:03]} (47. Kc2 $1 $15) 47... Rxh3 {[%emt 0:00:55]} 48. Be1 {[%emt 0:00:01]} Kf7 {[%emt 0:03:55]} 49. Rf5 {[%emt 0:01:12]} Ke6 {[%emt 0:00:24]} 50. Rh5 $19 {[%emt 0:00:02]} Re3 {[%emt 0:01:08]} 1/2-1/2

[Event "Ceara-ch 2019"]
[Site "Fortaleza"]
[Date "2019.11.26"]
[Round "6.2"]
[White "Silveira, Jose Wanderley Macie"]
[Black "Brandao, Marcius Gomes"]
[Result "0-1"]
[WhiteElo "1762"]
[BlackElo "2002"]
[Annotator "NA RC"]
[PlyCount "50"]
[EventDate "2019.11.17"]
[EventType "tourn"]
[EventCountry "BRA"]
[SourceTitle "playchess.com"]
[Source "ChessBase"]
[SourceQuality "1"]
[TimeControl "5400+30"]

{[%evp 8,50,37,34,54,12,33,0,32767,25,21,-12,31,5,15,-27,-8,-23,-26,-73,-85,-145,-168,-191,-193,-339,-358,-368,-370,-727,-739,-716,-660,-613,-685,-631,-677,-766,-656,-775,-734,-756,-752,-1656,-2631]} 1. e4 {[%emt 0:00:00]} c5 {[%emt 0:00:00]} 2. Nf3 {[%emt 0:00:00]} g6 {[%emt 0:00:00]} 3. c3 {[%emt 0:00:00]} d5 {[%emt 0:00:00]} 4. exd5 {[%emt 0:00:55]} (4. e5 Nc6 5. d4 cxd4 6. cxd4 Bg4 7. Bb5 Rc8 8. O-O a6 9. Be2 Nh6 10. h3 Bxf3 11. Bxf3 Nf5 12. Be3 e6 13. Nc3 Bg7 14. Bg4 Nxe3 15. fxe3 {1-0 (42) Caruana,F (2828)-Guseinov,G (2664) chess.com INT 2019}) 4... Qxd5 {[%emt 0:00:00]} 5. Na3 {[%emt 0:01:34]} Bg7 {[%emt 0:00:37]} 6. Bc4 {[%emt 0:00:45] B27: Sicilian: 2 Nf3, unusual Black 2nd moves} Qe4+ {[%emt 0:01:17]} 7. Qe2 {[%emt 0:00:17]} Qxe2+ {[%emt 0:00:52]} 8. Bxe2 {[%emt 0:01:35]} Nf6 $146 {[%emt 0:06:48]} ({Predecessor:} 8... a6 9. O-O Nc6 10. d3 Nf6 11. Be3 b6 12. Nc4 {0-1 (40) Gervais,X-Kalinitschew,S (2517) Illkirch-Graffenstaden 2004}) 9. Nb5 {[%emt 0:00:24]} Na6 {[%emt 0:00:12]} 10. d4 {[%emt 0:00:15]} O-O {[%emt 0:00:35]} 11. dxc5 {[%emt 0:00:29]} Nxc5 {[%emt 0:00:07]} 12. Be3 {[%emt 0:05:13]} b6 {[%emt 0:04:58]} 13. h3 {[%emt 0:18:58]} Nd5 {[%emt 0:02:47]} 14. Bd4 {[%emt 0:03:49]} (14. Bd2 $15) 14... Nf4 {[%emt 0:02:16]} 15. Bxc5 {[%emt 0:10:54]} bxc5 {[%emt 0:00:37]} 16. g3 {[%emt 0:16:37]} (16. Bf1 {was forced.}) 16... Nxe2 {[%emt 0:01:50]} ({Weaker is} 16... Nxh3 17. Rd1 $15) 17. Kxe2 {[%emt 0:00:02]} Rb8 {[%emt 0:00:20]} 18. Nxa7 $2 {[%emt 0:03:03]} (18. a4) 18... Rxb2+ {[%emt 0:00:09]} 19. Ke3 {[%emt 0:09:07]} Bh6+ {[%emt 0:04:40]} 20. Ng5 {[%emt 0:05:54]} Bxg5+ {[%emt 0:00:11]} 21. f4 {[%emt 0:00:06]} Bf6 {[%emt 0:00:55]} 22. Rhb1 {[%emt 0:00:20]} Bxc3 {[%emt 0:00:55]} 23. Rxb2 {[%emt 0:00:12]} Bxb2 {[%emt 0:00:02]} 24. Rb1 {[%emt 0:00:17]} Bd4+ {[%emt 0:00:02]} 25. Ke4 {[%emt 0:00:21]} Bf5+ $19 {[%emt 1:12:20] Kxd4 Skewer} 0-1

[Event "Ceara-ch 2019"]
[Site "Fortaleza"]
[Date "2019.11.26"]
[Round "6.3"]
[White "Palacio, Igor Da Paz"]
[Black "Barreto, Paulo Robson Rodrigu"]
[Result "1-0"]
[WhiteElo "2160"]
[BlackElo "1692"]
[Annotator "TA"]
[PlyCount "59"]
[EventDate "2019.11.17"]
[EventType "tourn"]
[EventCountry "BRA"]
[SourceTitle "playchess.com"]
[Source "ChessBase"]
[SourceQuality "1"]

{[%evp 19,59,-36,-29,-31,-25,-44,-17,-15,26,39,74,33,191,198,187,188,224,204,212,202,232,187,194,185,193,180,202,186,214,215,255,252,249,182,268,212,293,259,313,279,329,314]} 1. Nf3 g6 2. g3 Bg7 3. Bg2 c5 4. d3 Nc6 5. O-O d6 6. e4 e5 7. c3 Nge7 8. Na3 O-O 9. Nc2 d5 10. exd5 Nxd5 11. Re1 $146 {A04: Unusual lines after 1 Nf3 and King's Indian Attack} (11. Ne3 Nc7 12. Re1 Re8 13. h4 h6 14. a4 Rb8 15. a5 Be6 16. Nd2 Qxd3 17. Ne4 Qxd1 18. Nxd1 Bd5 19. Nxc5 Bxg2 20. Kxg2 {0-1 (59) Voelzke,F (2170)-Wedberg,T (2481) Germany 2015}) 11... h6 12. d4 cxd4 13. cxd4 {The position is equal.} Bg4 14. h3 Bf5 15. Nxe5 Ncb4 $2 (15... Re8 $14) 16. Nxb4 $18 Nxb4 {[#]} 17. g4 $1 $36 {[%cal Rg4f5][%mdl 2048] White has strong initiative.} Nc2 18. gxf5 Nxe1 19. Qxe1 Qxd4 {Threatens to win with ...Rae8.} 20. Nf3 (20. fxg6 Rae8 $15) 20... Qb6 21. fxg6 fxg6 22. Rb1 Qc6 23. Qe2 Rac8 24. Be3 Qe4 25. Nd2 Qe6 26. Qb5 {[#] aiming for Bd5.} Kh8 (26... Rcd8 $142 27. Qxb7 Qxa2) 27. Qb3 ({Don't do} 27. Bxb7 $6 Rcd8 $18) ({But not} 27. Bxa7 $6 Qxa2 28. Be3 (28. Qxb7 Rcd8 $15) 28... Rfd8 $18) 27... Qd7 28. Qxb7 {White has a decisive advantage.} Rc7 29. Qd5 Qc8 30. Ne4 {Accuracy: White = 52%, Black = 21%.} 1-0

[Event "Ceara-ch 2019"]
[Site "Fortaleza"]
[Date "2019.11.26"]
[Round "6.4"]
[White "Parente, Renan Braz"]
[Black "Lima, Helio Viana Correia"]
[Result "1-0"]
[WhiteElo "2219"]
[BlackElo "1950"]
[Annotator "TA"]
[PlyCount "81"]
[EventDate "2019.11.17"]
[EventType "tourn"]
[EventCountry "BRA"]
[SourceTitle "playchess.com"]
[Source "ChessBase"]
[SourceQuality "1"]

{[%evp 9,81,36,31,31,37,30,47,42,51,51,86,35,58,35,112,121,128,113,119,116,136,129,136,127,127,110,115,111,115,118,111,94,165,163,154,134,160,171,243,218,211,204,197,197,205,222,206,206,271,252,330,326,326,309,349,331,380,381,381,376,333,364,320,246,444,433,431,435,516,514,850,812,2782,2422]} 1. Nf3 d5 2. b3 Nc6 3. Bb2 Bg4 4. e3 a6 (4... e5 5. h3 Bxf3 6. Qxf3 Nf6 7. Bb5 Bd6 8. c4 O-O 9. cxd5 Nb4 10. Qd1 Nbxd5 11. O-O c6 12. Be2 e4 13. d3 Qe7 14. Qc1 Rad8 15. Rd1 Bb8 {½-½ (59) Anton Guijarro,D (2642)-Fridman,D (2633) Skopje 2018}) 5. Be2 e6 6. O-O {A06: Réti Opening:1 Nf3 d5} Nf6 7. c4 Be7 $146 ({Predecessor:} 7... Bd6 8. cxd5 exd5 9. Na3 O-O 10. Nc2 Re8 11. Rc1 Qd7 12. Bxf6 gxf6 {1-0 (43) Chalissery,J (1706)-Agdamag,S (1459) San Francisco 2015}) 8. Nc3 {White is slightly better.} O-O 9. d4 Ne4 10. Rc1 (10. Nxe4 $16 {Threatens to win with Ng3.} dxe4 11. Nd2 Bxe2 12. Qxe2) 10... f5 11. cxd5 exd5 {[#]} (11... Nxc3 $14 12. Bxc3 Bxf3 13. Bxf3 exd5) 12. Nxd5 $1 $16 {[%mdl 512] Black must now prevent Nf4.} Bd6 (12... Qxd5 $2 13. Bc4 $18) 13. h3 Bh5 14. Nc3 Bxf3 15. Bxf3 Qh4 16. Bxe4 fxe4 17. Qg4 Qxg4 18. hxg4 Rae8 19. d5 Nb4 20. Ba3 Rf6 (20... Nxa2 $16 21. Bxd6 (21. Nxa2 Bxa3 22. Rxc7 Rc8 $14) 21... Nxc3) 21. Bxb4 $18 Bxb4 22. Na4 Bd6 23. Nc5 b6 (23... Bxc5 $142 24. Rxc5 Rf7) 24. Nxa6 Rf7 {and if ...Ra8 works, Black does fine.} 25. b4 Re5 26. Rfd1 h5 27. gxh5 Rxh5 {[#]} 28. g3 $1 g6 {[#]} 29. Kg2 $1 Rhf5 30. Rc2 Rh5 31. Rd4 Rfh7 {and the idea ...Rh2+ leaves Black hopeful.} 32. Rxe4 Rh2+ 33. Kf3 ({Don't do} 33. Kf1 Rh1+ 34. Ke2 Rf7 $18) 33... Rf7+ 34. Rf4 Bxf4 35. gxf4 {[%mdl 4096] Endgame KRR-KRN} (35. exf4 Rhh7 $18) 35... Rhh7 {Now ...g5 and Black clings on.} 36. Rc6 Rhg7 $2 (36... g5 {was worth a try.} 37. Ke2 gxf4) 37. e4 {White is clearly winning.} Rd7 38. b5 {[%cal Bb4b5,Bb5c6][%mdl 32]} Kh7 39. Nb4 Rd6 (39... Rdf7 $142 40. d6 cxd6 41. Rxd6 Ra7 42. Rxb6 Rgc7) 40. e5 Rxc6 41. bxc6 {Accuracy: White = 83%, Black = 29%.} ({Not} 41. Nxc6 Kg8 $18) 1-0

[Event "Ceara-ch 2019"]
[Site "Fortaleza"]
[Date "2019.11.26"]
[Round "6.5"]
[White "Pereira, Silvio Cunha"]
[Black "Albuquerque Junior, Wellington S."]
[Result "1/2-1/2"]
[WhiteElo "2201"]
[BlackElo "2213"]
[Annotator "TA"]
[PlyCount "75"]
[EventDate "2019.11.17"]
[EventType "tourn"]
[EventCountry "BRA"]
[SourceTitle "playchess.com"]
[Source "ChessBase"]
[SourceQuality "1"]

{[%evp 9,75,12,0,-18,6,-60,-38,-42,-49,-60,-72,-79,-59,-70,4,-6,-10,-4,63,37,83,79,81,68,56,-158,61,74,60,71,80,50,46,27,60,45,57,22,30,-1,1,-93,10,25,51,44,39,49,48,-181,23,21,22,0,0,0,0,-41,-33,-41,0,0,0,-35,0,0,0,-22]} 1. e4 c5 2. Nf3 d6 3. d4 cxd4 4. Qxd4 Nc6 5. Qd2 Nf6 6. Bd3 {B53: Sicilian: 2...d6: Lines with Qxd4} g6 7. c4 (7. h3 $11) 7... Bg7 8. Nc3 {Black is slightly better.} Bg4 9. Ng1 $146 ({Predecessor:} 9. b3 Bxf3 10. gxf3 Nd4 11. Be2 Nxe2 12. Kxe2 {½-½ (24) Janiesch,M (1752)-Tronnier,M (1975) Delmenhorst 2011}) 9... Ne5 10. f3 Be6 11. b3 {[#]} h5 (11... b5 $1 $15 {[%mdl 512]} 12. Nxb5 Nxd3+ 13. Qxd3 Nxe4 14. Qxe4 Bxa1 15. Qxa8 {[%mdl 64] Decoy} Qxa8 16. Nc7+ {[%mdl 64] Double Attack} Kd7 17. Nxa8 Rxa8) 12. Nge2 h4 {Hoping for ...h3.} 13. h3 Nh5 (13... Qa5 $11) 14. f4 $1 $14 {[%cal Rf4e5]} Bh6 15. Qd1 Nc6 16. Be3 $1 Qa5 17. a3 $2 {[#]} (17. Qd2 $14 {stays ahead.}) 17... Ng3 $2 ({Better is} 17... Bxf4 $1 $17 {[%mdl 512]} 18. Bxf4 (18. Nxf4 Nxf4) 18... Nxf4) 18. b4 Qh5 19. Nxg3 hxg3 20. Qd2 Bg7 21. Rb1 Rc8 22. Ne2 b6 23. Nxg3 Qh4 24. Bf2 Bd4 $1 25. Nf1 (25. Rd1 $11 {remains equal.}) 25... Bxf2+ (25... Qf6 $1 $17 26. Bxd4 Nxd4) 26. Qxf2 $11 Qf6 27. Qb2 Nd4 28. Ne3 b5 {[%cal Rb5c4]} 29. cxb5 $2 {[#]} (29. c5 $1 $14 {keeps the upper hand.}) 29... Qh4+ $2 (29... Rc3 $1 $19 {[%cal Rc3d3][%mdl 512]} 30. Kd2 (30. Qxc3 $2 {perishes.} Nf3+ {[%mdl 64] Discovered Attack} 31. gxf3 Qxc3+ 32. Ke2 Qxa3 $19) 30... Rb3) 30. Qf2 Rc3 31. Qxh4 Rxh4 32. Kd2 Rxa3 33. f5 gxf5 34. exf5 Ra2+ 35. Kc3 $1 {aiming for g4.} Ra3+ 36. Kd2 Ra2+ {[%mdl 1024] Black has compensation.} 37. Kc3 $1 {And now g4 would win.} Ra3+ 38. Kd2 {Accuracy: White = 47%, Black = 34%.} 1/2-1/2

[Event "Ceara-ch 2019"]
[Site "Fortaleza"]
[Date "2019.11.30"]
[Round "7.1"]
[White "Albuquerque Junior, Wellington S."]
[Black "Da Justa, Saulo Freitas"]
[Result "1-0"]
[WhiteElo "2213"]
[BlackElo "1911"]
[Annotator "TA"]
[PlyCount "43"]
[EventDate "2019.11.17"]
[EventType "tourn"]
[EventCountry "BRA"]
[SourceTitle "playchess.com"]
[Source "ChessBase"]
[SourceQuality "1"]

{[%evp 21,43,-59,-51,-37,-44,-50,-19,0,0,-8,0,-17,0,-36,-41,-48,-20,-23,48,41,33,31,66,54]} 1. d4 d5 2. c4 e6 3. Nc3 Nf6 4. Bg5 Be7 5. cxd5 exd5 6. e3 O-O 7. Bd3 c6 8. Qc2 Nbd7 {[%cal Bb8d7,Bd7b6,Bb6c4][%mdl 32]} 9. Nge2 Re8 10. O-O-O b5 11. Kb1 a5 {[%cal Ba7a5,Ba5a4][%mdl 32]} 12. f3 {D36: Queen's Gambit Declined: Exchange Variation: Main line (5 Bg5 c6 6 Qc2)} (12. Ng3 h6 13. Bf4 Bf8 14. Nf5 Ba6 15. g4 a4 16. g5 Nh5 17. Rhg1 Nxf4 18. exf4 hxg5 19. fxg5 Nb6 {1-0 (27) Pacher,M (2446)-Likavsky,T (2430) Slovakia 2017}) 12... a4 13. e4 Nb6 $146 ({Predecessor:} 13... dxe4 14. Nxe4 h6 15. Bxf6 Nxf6 16. Qxc6 Bd7 17. Nxf6+ Bxf6 18. Qd5 Ra5 19. Rhe1 b4 {1-0 (60) Debray,C (2299)-Gravier,L (2055) Issy les Moulineaux 2009}) 14. e5 {The position is equal.} Nfd7 15. Bxe7 Qxe7 16. Ng3 Nf8 17. Nce2 Nc4 18. Rc1 Be6 19. f4 $1 Reb8 (19... Bg4 $11) 20. f5 $14 {White is slightly better.} Bc8 21. Nf4 Qb4 {[#] aiming for ...Na3+.} 22. Qc3 {Accuracy: White = 96%, Black = 40%.} 1-0

[Event "Ceara-ch 2019"]
[Site "Fortaleza"]
[Date "2019.11.29"]
[Round "7.2"]
[White "Lima, Helio Viana Correia"]
[Black "Pereira, Silvio Cunha"]
[Result "*"]
[WhiteElo "1950"]
[BlackElo "2201"]
[Annotator "TA"]
[PlyCount "28"]
[EventDate "2019.11.17"]
[EventType "tourn"]
[EventCountry "BRA"]
[SourceTitle "playchess.com"]
[Source "ChessBase"]
[SourceQuality "1"]

{[%evp 11,14,-23,-27,-54,-20]} 1. d4 f5 2. e4 fxe4 3. Nc3 Nf6 4. Bg5 g6 5. Bxf6 exf6 6. Nxe4 d5 {[#] White must now prevent ...Qe7.} 7. Ng3 {A83: Dutch Defence: Staunton Gambit with 3 Nc3 Nf6 4 Bg5} (7. Nc3 Bb4 8. Qf3 c6 9. O-O-O O-O 10. Nge2 Nd7 11. h4 f5 12. a3 Ba5 13. Nf4 Nf6 14. Nce2 Ne4 {0-1 (45) Nadera,B (2401)-Dzhumaev,M (2549) Manila 2008}) 7... Be6 {Predecessor:} 8. Bb5+ $146 c6 9. Bd3 Bd6 10. Qe2 Qd7 11. Nf3 O-O 12. O-O Bg4 13. Rfe1 Na6 14. Bxa6 bxa6 {1-0 (50) Ortega Morales,P (1862)-Garcia Lopez,P (1779) Madrid 2012} *

[Event "Ceara-ch 2019"]
[Site "Fortaleza"]
[Date "2019.11.30"]
[Round "7.2"]
[White "Lima, Helio Viana Correia"]
[Black "Pereira, Silvio Cunha"]
[Result "0-1"]
[WhiteElo "1950"]
[BlackElo "2201"]
[Annotator "TA"]
[PlyCount "38"]
[EventDate "2019.11.17"]
[EventType "tourn"]
[EventCountry "BRA"]
[SourceTitle "playchess.com"]
[Source "ChessBase"]
[SourceQuality "1"]

{[%evp 11,37,-31,-29,-54,-19,-36,-9,-29,-12,-26,4,-55,-54,-91,-93,-775,-795,-29990,-29991,-29991,-29992,-29994,-29995,-29995,-29996,-29998,-29999,-29999]} 1. d4 f5 2. e4 fxe4 3. Nc3 Nf6 4. Bg5 g6 5. Bxf6 exf6 6. Nxe4 d5 {Strongly threatening ...Qe7.} 7. Ng3 {A83: Dutch Defence: Staunton Gambit with 3 Nc3 Nf6 4 Bg5} (7. Nc3 Bb4 8. Qf3 c6 9. O-O-O O-O 10. Nge2 Nd7 11. h4 f5 12. a3 Ba5 13. Nf4 Nf6 14. Nce2 Ne4 {0-1 (45) Nadera,B (2401)-Dzhumaev,M (2549) Manila 2008}) 7... Be6 8. Bd3 Nc6 9. c3 {The position is equal.} Qd6 10. Qf3 $146 ({Predecessor:} 10. Nf3 O-O-O 11. Qd2 Bg4 12. Ne2 h5 13. O-O-O Bh6 {0-1 (13) Michalak,K (1400)-Nikodem,G (1400) Poland 2007}) 10... Kf7 11. O-O-O (11. N3e2 $11) 11... b5 $15 12. Bxb5 Rb8 $36 {[%mdl 2048] Keeping White busy.} 13. Bd3 $2 {[%mdl 8192]} (13. Qe2 $17) 13... Bh6+ $19 14. Kc2 {[#]} Rxb2+ $3 {[%mdl 576] Clearance. Black mates.} 15. Kxb2 Rb8+ 16. Ka1 {[#]} Qa3 $1 {[%cal Ra3c3][%mdl 512]} 17. Bxg6+ hxg6 {[%csl Gb8][%cal Ra3b2]} 18. Rb1 Rxb1+ {[%mdl 64] Back Rank} 19. Kxb1 Qc1# {Accuracy: White =  0%, Black = 43%.} 0-1